[Event "TUR-chT2"]
[Site "Konya"]
[Date "2017.07.15"]
[Round "9.12"]
[White "Ozkan, Halil Ibrahim"]
[Black "Guler, Muhammed Talha"]
[Result "0-1"]
[WhiteElo "1236"]
[BlackElo "1596"]
[PlyCount "54"]
[EventDate "2017.07.09"]
[EventType "team-swiss"]
[EventRounds "9"]
[EventCountry "TUR"]
[SourceTitle "CBM 179 Extra"]
[Source "ChessBase"]
[SourceDate "2017.08.23"]
[SourceVersion "1"]
[SourceVersionDate "2017.08.23"]
[SourceQuality "1"]
[WhiteTeam "Burhaniye"]
[BlackTeam "Duzcespor"]
[WhiteTeamCountry "TUR"]
[BlackTeamCountry "TUR"]

1. e4 d6 2. d4 g6 3. Nc3 Bg7 4. Nf3 Bg4 5. Be2 Nc6 6. Be3 Bxf3 7. Bxf3 e5 8. d5 Nce7 9. Qd2 f5 10. Bg5 h6 11. Bxe7 Nxe7 12. 0-0-0 0-0 13. h4 h5 14. Rdf1 Kh7 15. Be2 Bh6 16. f4 exf4 17. Rf3 fxe4 18. Nxe4 Nf5 19. Ng5+ Bxg5 20. hxg5 Qxg5 21. Rfh3 Ng3 22. Qd3 f3+ 23. Kb1 fxe2 24. Re1 Rf4 25. Qc3 Ne4 26. Qxc7+ Kh6 27. Qa5 Nd2+ 0-1